Statistics for 1980s WWF Wrestlers Quiz

Click here to take the quiz!

General Stats

  • This quiz has been taken 15,796 times
    (12,054 since last reset)
  • The average score is 10 of 45

Answer Stats

#Wrestler or Tag Team% Correct
5Hulk Hogan
98%
5Andre the Giant
82%
4"Macho Man" Randy Savage
67%
2Bret "Hitman" Hart
58%
2The Ultimate Warrior
51%
3"Rowdy" Roddy Piper
46%
4Jake "The Snake" Roberts
42%
2"The Million Dollar Man" Ted Dibiase
36%
4Ricky "The Dragon" Steamboat
32%
3The Iron Sheik
30%
3King Kong Bundy
29%
2"Hacksaw" Jim Duggan
29%
4The Junkyard Dog
26%
3Brutus "The Barber" Beefcake
25%
2Jim "The Anvil" Neidhart
25%
2Demolition
23%
2"Ravishing" Rick Rude
23%
2George "The Animal" Steele
22%
2Big John Studd
21%
3Tito Santana
20%
2Mr. T
20%
3Greg "The Hammer" Valentine
19%
2"Mr. Wonderful" Paul Orndorff
18%
3The Honky Tonk Man
18%
2The Hart Foundation
18%
3The British Bulldogs
17%
2Koko B. Ware
16%
4Nikolai Volkoff
14%
2Bobby "The Brain" Heenan
13%
4Hercules
11%
3Hillbilly Jim
9%
2King Haku
9%
4Don "The Magnificent" Muraco
8%
2Dino Bravo
8%
2Harley Race
8%
2Bad News Brown
8%
2"Adorable" Adrian Adonis
7%
2Strike Force
6%
2"Jumping" Jim Brunzell
4%
2B. Brian Blair
4%
2Butch Reed
4%
2The Dream Team
3%
2The Fabulous Rougeaus
3%
3The Killer B"s
3%
2Danny Davis
3%

Score Distribution

Percentile by Number Answered

Percent of People with Each Score

Your Score History

You have not taken this quiz since the last reset